000 00676nmm a2200241 a 4500
003 AR-BaBNM
005 20251128204010.0
008 037119s[ca. ||||||||||||||000 | spa||
040 _cAR-BaBNM
110 2 _aBanco Internacional de Reconstrucción y Fomento
245 1 0 _aNormas y operaciones del Banco Mundial, la CFI y la AIF
260 _aWashington, D.C.
_bBanco Internacional de Reconstruccion y Fomento
_c[ca. 1963]
300 _a132 p.
_btablas
610 2 4 _aBanco Mundial
610 2 4 _aCFI
610 2 4 _aAIF
650 4 _aBANCOS
650 4 _aPRESTAMOS
650 4 _aMERCADOS FINANCIEROS
650 4 _aASISTENCIA TECNICA
942 _cBK
998 _cCarmen
999 _c5775
_d5775